[Event "Online Olym Top DivA 2021"]
[Site "chess.com INT"]
[Date "2021.09.09"]
[Round "6.4"]
[Board "4"]
[White "Bayarmaa, Bayarjargal"]
[Black "Nastase, Andreea-Cristina"]
[Result "1-0"]
[WhiteTitle "WIM"]
[BlackTitle "WFM"]
[WhiteElo "2124"]
[BlackElo "2092"]
[WhiteTeam "Mongolia"]
[BlackTeam "Romania"]
[WhiteFideId "4900260"]
[BlackFideId "1221183"]
[EventDate "2021.09.08"]
[EventType "team"]

1. d4 d5 2. c4 c6 3. Nf3 Nf6 4. Nc3 e6 5. cxd5 exd5 6. Bg5 Be7 7. Qc2 O-O 8. e3
h6 9. Bh4 Re8 10. Bd3 Nbd7 11. O-O Ne4 12. Bg3 Nxg3 13. hxg3 Nf6 14. Rab1 c5 15.
dxc5 Bxc5 16. Rfd1 Bb6 17. Bb5 Bd7 18. Qa4 Bxb5 19. Qxb5 a6 20. Qb3 Re6 21. Nxd5
Nxd5 22. Rxd5 Qc7 23. Rbd1 Rc8 24. Rd7 Qc6 25. Rxf7 Kxf7 26. Ne5+ Ke8 27. Nxc6
Rcxc6 28. Qd5 Kf7 29. Qf5+ Ke7 30. Qd5 Kf7 31. g4 Bc5 32. g5 hxg5 33. Qf5+ Rf6
34. Qd7+ Be7 35. Qxb7 Rb6 36. Qd5+ Kg6 37. Qe4+ Kf7 38. Rd7 Rbe6 39. Qb7 g4 40.
g3 Kf8 41. Qb8+ Kf7 42. Qb7 Kf8 43. b4 Rb6 44. Qc8+ Kf7 45. Qc7 Rbe6 46. a4 Kf8
47. b5 axb5 48. axb5 Rf5 49. b6 Kf7 50. b7 1-0

[Event "Online Olym Top DivA 2021"]
[Site "chess.com INT"]
[Date "2021.09.09"]
[Round "6.4"]
[Board "5"]
[White "Stoleriu, George"]
[Black "Gan-Erdene, Sugar"]
[Result "0-1"]
[WhiteTitle "FM"]
[BlackTitle "IM"]
[WhiteElo "2376"]
[BlackElo "2419"]
[WhiteTeam "Romania"]
[BlackTeam "Mongolia"]
[WhiteFideId "1227505"]
[BlackFideId "4902980"]
[EventDate "2021.09.08"]
[EventType "team"]

1. e4 c5 2. Nf3 e6 3. b3 Nc6 4. Bb2 d6 5. d4 cxd4 6. Nxd4 Nf6 7. Nxc6 bxc6 8.
Bd3 Be7 9. O-O d5 10. Nd2 O-O 11. Qe2 a5 12. a4 Bb7 13. Rad1 Nd7 14. c4 Bf6 15.
e5 Be7 16. f4 Nc5 17. Bc2 g6 18. Nf3 Bc8 19. Nd4 Qb6 20. Bc3 Na6 21. Kh1 Nb4 22.
Bb1 c5 23. Nf3 Ba6 24. g4 dxc4 25. bxc4 Rfd8 26. f5 Qc6 27. f6 Bf8 28. Be4 Qxa4
29. Bxa8 Rxa8 30. Kg1 Qb3 31. Bxb4 cxb4 32. Nd2 Qc2 33. Rc1 Qb2 34. Kg2 Rd8 35.
Rcd1 Qc2 36. Rf2 Bc5 37. Ne4 Qxd1 38. Nxc5 Qxe2 39. Rxe2 Bxc4 40. Rc2 Bd5+ 41.
Kg3 Rc8 42. Rc1 a4 43. Kf4 a3 44. Ke3 a2 45. Kd4 b3 0-1

[Event "Online Olym Top DivA 2021"]
[Site "chess.com INT"]
[Date "2021.09.09"]
[Round "6.4"]
[Board "6"]
[White "Tsogzolmaa, Nanjid"]
[Black "Ciolacu, Alessia-Mihaela"]
[Result "1-0"]
[BlackTitle "WFM"]
[WhiteElo "1895"]
[BlackElo "2186"]
[WhiteTeam "Mongolia"]
[BlackTeam "Romania"]
[WhiteFideId "4903099"]
[BlackFideId "1252640"]
[EventDate "2021.09.08"]
[EventType "team"]

1. d4 Nf6 2. Bf4 b6 3. e3 Bb7 4. Nf3 g6 5. h3 Bg7 6. Nbd2 O-O 7. Be2 d6 8. O-O
Nbd7 9. a4 c5 10. c3 Re8 11. Bh2 a6 12. Re1 Rb8 13. Qb3 Bd5 14. Qc2 b5 15. axb5
axb5 16. dxc5 Nxc5 17. Nd4 b4 18. Bc4 bxc3 19. bxc3 Bxc4 20. Nxc4 Qc7 21. Nd2 e5
22. N4b3 Rec8 23. Rec1 Nxb3 24. Nxb3 Nd5 25. c4 Nb4 26. Qd2 Qb6 27. Bg3 e4 28.
Nd4 Nd3 29. Rcb1 Qc5 30. Rxb8 Rxb8 31. Ra5 Qxc4 32. Bxd6 Rb1+ 33. Kh2 Bxd4 34.
exd4 Qxd4 35. Ra8+ Kg7 36. Bf8+ Kf6 37. Bh6 Qe5+ 38. g3 Rb2 39. Qe3 Rxf2+ 40.
Kg1 Rb2 41. Ra6+ Ke7 42. Qa7+ Ke8 43. Qa8+ Rb8 44. Qc6+ Ke7 45. Ra7+ Kd8 46.
Qd7# 1-0

[Event "Online Olym Top DivA 2021"]
[Site "chess.com INT"]
[Date "2021.09.09"]
[Round "6.5"]
[Board "1"]
[White "Hovhannisyan, Robert"]
[Black "Kuybokarov, Temur"]
[Result "1-0"]
[WhiteTitle "GM"]
[BlackTitle "GM"]
[WhiteElo "2626"]
[BlackElo "2549"]
[WhiteTeam "Armenia"]
[BlackTeam "Australia"]
[WhiteFideId "13302507"]
[BlackFideId "14203049"]
[EventDate "2021.09.08"]
[EventType "team"]

1. e4 e5 2. Nf3 Nc6 3. Bb5 Nge7 4. Nc3 Ng6 5. d4 Nxd4 6. Nxd4 exd4 7. Qxd4 c6 8.
Bd3 Qb6 9. Qe3 Be7 10. O-O O-O 11. Kh1 d6 12. a4 f5 13. exf5 Bxf5 14. Bxf5 Rxf5
15. Qxb6 axb6 16. Be3 Ra6 17. Rad1 d5 18. b3 Nf4 19. g3 Ne6 20. Kg2 Bc5 21. Bxc5
bxc5 22. Rfe1 Nd4 23. Re8+ Rf8 24. Rxf8+ Kxf8 25. Rd2 Ke7 26. f4 Kd6 27. g4 Ra8
28. Ne2 Ne6 29. f5 Ng5 30. Ng3 Re8 31. h4 Ne4 32. Re2 Re5 33. Nxe4+ Rxe4 34.
Rxe4 dxe4 35. h5 Ke5 36. Kf2 Kf6 37. Ke3 Ke5 38. a5 c4 39. bxc4 c5 40. Kf2 Kf6
41. Ke2 Kg5 42. Ke3 h6 43. Kxe4 Kxg4 44. Kd5 Kxh5 45. Kxc5 Kg4 46. Kb6 h5 47. a6
bxa6 48. f6 gxf6 49. c5 h4 50. c6 h3 51. c7 h2 52. c8=Q+ f5 53. Qg8+ Kh3 54.
Qh7+ Kg3 55. Qg6+ 1-0

[Event "Online Olym Top DivA 2021"]
[Site "chess.com INT"]
[Date "2021.09.09"]
[Round "6.5"]
[Board "2"]
[White "Zhao, Zong-Yuan"]
[Black "Gabuzyan, Hovhannes"]
[Result "1-0"]
[WhiteTitle "GM"]
[BlackTitle "GM"]
[WhiteElo "2525"]
[BlackElo "2583"]
[WhiteTeam "Australia"]
[BlackTeam "Armenia"]
[WhiteFideId "3202534"]
[BlackFideId "13303732"]
[EventDate "2021.09.08"]
[EventType "team"]

1. d4 Nf6 2. Nf3 g6 3. Bf4 Bg7 4. e3 O-O 5. Be2 d6 6. O-O Nfd7 7. c4 e5 8. Bg5
f6 9. Bh4 Nc6 10. Nc3 g5 11. Bg3 f5 12. dxe5 dxe5 13. h3 e4 14. Nd2 Bxc3 15.
bxc3 f4 16. exf4 gxf4 17. Bh2 Qe7 18. Re1 Nc5 19. Nb3 Be6 20. Bg4 Bxc4 21. Nxc5
Qxc5 22. Rxe4 Ne5 23. Bxf4 Rad8 24. Rxe5 Rxd1+ 25. Rxd1 Qa3 26. Rg5+ Kf7 27.
Rd7+ Kf6 28. h4 Re8 29. Rf5+ Ke6 30. Rff7# 1-0

[Event "Online Olym Top DivA 2021"]
[Site "chess.com INT"]
[Date "2021.09.09"]
[Round "6.5"]
[Board "3"]
[White "Danielian, Elina"]
[Black "Ryjanova, Julia"]
[Result "0-1"]
[WhiteTitle "GM"]
[BlackTitle "WGM"]
[WhiteElo "2450"]
[BlackElo "2296"]
[WhiteTeam "Armenia"]
[BlackTeam "Australia"]
[WhiteFideId "13300210"]
[BlackFideId "4127714"]
[EventDate "2021.09.08"]
[EventType "team"]

1. d4 Nf6 2. Nf3 e6 3. e3 b6 4. Bd3 Bb7 5. O-O d5 6. c4 Bd6 7. b3 O-O 8. Bb2 c5
9. Nc3 dxc4 10. bxc4 cxd4 11. exd4 Nc6 12. Qe2 Rc8 13. Nb5 Bb8 14. Ba3 Re8 15.
Rfd1 a6 16. Nc3 Qc7 17. Ne4 Nxd4 18. Nxf6+ Kh8 19. Qe3 Nxf3+ 20. gxf3 Qxh2+ 21.
Kf1 Bf4 22. Ne4 Bxe3 23. fxe3 Red8 24. Rd2 Qh1+ 25. Kf2 Qxa1 0-1

[Event "Online Olym Top DivA 2021"]
[Site "chess.com INT"]
[Date "2021.09.09"]
[Round "6.5"]
[Board "4"]
[White "Phan, Nguyen Mai Chi"]
[Black "Gaboyan, Susanna"]
[Result "1-0"]
[WhiteTitle "WFM"]
[BlackTitle "WIM"]
[WhiteElo "2139"]
[BlackElo "2253"]
[WhiteTeam "Australia"]
[BlackTeam "Armenia"]
[WhiteFideId "12401684"]
[BlackFideId "13303627"]
[EventDate "2021.09.08"]
[EventType "team"]

1. d4 Nf6 2. Nf3 g6 3. c4 Bg7 4. Nc3 d5 5. e3 O-O 6. b3 c5 7. Bb2 cxd4 8. exd4
Nc6 9. Be2 Bg4 10. Ne5 Bxe2 11. Nxe2 Nxe5 12. dxe5 Ng4 13. Qxd5 Qxd5 14. cxd5
Nxe5 15. O-O-O Ng4 16. Bd4 Rfd8 17. h3 Nf6 18. Bxf6 Bxf6 19. Ng3 a5 20. Ne4 Be5
21. Rd3 a4 22. Kd2 axb3 23. axb3 Ra5 24. Rd1 Raxd5 25. Ke3 e6 26. Rxd5 exd5 27.
Nc5 b6 28. Na4 Rd6 29. Rc1 b5 30. Nc5 Bc3 31. Kd3 d4 32. Ne4 Ra6 33. Nxc3 dxc3
34. Kxc3 Ra2 35. Rc2 Ra1 36. Kb4 Rb1 37. h4 h5 38. g3 Kg7 39. Rc3 f5 40. Kxb5
Kf6 41. b4 f4 42. Rf3 g5 43. hxg5+ Kxg5 44. Rxf4 Rb2 45. Kb6 h4 46. Rxh4 Rxf2
47. b5 Rf3 48. Rh8 Kg6 49. Rg8+ Kf7 50. Rg5 Kf6 51. Rg4 Rb3 52. Kc6 Kf5 53. Rg8
Ke6 54. b6 Rc3+ 55. Kb7 Kd7 56. g4 Rg3 57. g5 Rg1 58. Kb8 Rb1 59. b7 Rg1 60. g6
Rg3 61. Rf8 Rxg6 62. Ka7 Rg1 63. b8=Q Ra1+ 64. Kb6 Rb1+ 65. Kc5 Rc1+ 66. Kd4
Rd1+ 67. Ke3 Re1+ 68. Kd2 Re7 69. Rd8+ Ke6 70. Qd6+ Kf7 71. Rd7 Rxd7 72. Qxd7+
Kg8 73. Ke3 Kh8 74. Kf4 Kg8 75. Kg5 Kh8 76. Kg6 Kg8 77. Qd8# 1-0

[Event "Online Olym Top DivA 2021"]
[Site "chess.com INT"]
[Date "2021.09.09"]
[Round "6.5"]
[Board "5"]
[White "Gharibyan, Mamikon"]
[Black "Asaka, Samuel"]
[Result "1-0"]
[WhiteTitle "IM"]
[WhiteElo "2471"]
[BlackElo "2254"]
[WhiteTeam "Armenia"]
[BlackTeam "Australia"]
[WhiteFideId "13308300"]
[BlackFideId "3228690"]
[EventDate "2021.09.08"]
[EventType "team"]

1. Nf3 d5 2. d4 Nf6 3. Bf4 e6 4. e3 Bd6 5. Nbd2 O-O 6. Ne5 c5 7. c3 b6 8. Qf3
Bb7 9. Bd3 Nc6 10. Qg3 Be7 11. Nxc6 Bxc6 12. Be5 Qd7 13. Nf3 Bb5 14. Bc2 Ne8 15.
Qh3 g6 16. Qh6 f6 17. Bf4 Bd6 18. O-O-O Qg7 19. Qh3 Bd7 20. Bh6 Qf7 21. Bxf8
Bxf8 22. g4 Nd6 23. Qg2 cxd4 24. exd4 b5 25. g5 b4 26. cxb4 a5 27. b5 a4 28.
gxf6 a3 29. Ne5 axb2+ 30. Kb1 Qe8 31. f7+ Nxf7 32. Bxg6 hxg6 33. Qxg6+ Bg7 34.
Rhg1 Ng5 35. Qxg5 Qf8 36. Nxd7 Qf7 37. Qxg7+ 1-0

[Event "Online Olym Top DivA 2021"]
[Site "chess.com INT"]
[Date "2021.09.09"]
[Round "6.5"]
[Board "6"]
[White "Cheng, Chao Xin"]
[Black "Mkrtchyan, Mariam"]
[Result "0-1"]
[BlackTitle "WFM"]
[WhiteElo "1731"]
[BlackElo "2234"]
[WhiteTeam "Australia"]
[BlackTeam "Armenia"]
[WhiteFideId "3232468"]
[BlackFideId "13310828"]
[EventDate "2021.09.08"]
[EventType "team"]

1. e4 c6 2. d4 d5 3. e5 Bf5 4. Nf3 e6 5. Be2 Nd7 6. O-O Ne7 7. b3 a6 8. c4 c5 9.
dxc5 Nxc5 10. Ba3 Nc6 11. cxd5 exd5 12. Bb2 Be7 13. Nbd2 d4 14. Re1 O-O 15. a3
b5 16. Rc1 Rc8 17. Ra1 Qd5 18. h3 Rfd8 19. Bf1 Be6 20. Rb1 Bf5 21. Ra1 d3 22. g4
Be6 23. Bg2 Qd7 24. Nh2 Na5 25. b4 Na4 26. bxa5 Nxb2 27. Qf3 Nc4 28. Ne4 Nxa3
29. Red1 Nc2 30. Rac1 Nb4 31. g5 Rxc1 32. Rxc1 Bf5 33. Ng4 Bxe4 34. Qxe4 d2 35.
Rd1 Qd4 36. Qe2 Bxg5 37. Bf3 Na2 38. e6 Nc3 39. exf7+ Kxf7 40. Ne5+ Kg8 41. Qd3
Qxd3 42. Nxd3 Nxd1 43. Bxd1 Rxd3 0-1

[Event "Online Olym Top DivA 2021"]
[Site "chess.com INT"]
[Date "2021.09.10"]
[Round "7.1"]
[Board "1"]
[White "Kuybokarov, Temur"]
[Black "Jumabayev, Rinat"]
[Result "1-0"]
[WhiteTitle "GM"]
[BlackTitle "GM"]
[WhiteElo "2549"]
[BlackElo "2651"]
[WhiteTeam "Australia"]
[BlackTeam "Kazakhstan"]
[WhiteFideId "14203049"]
[BlackFideId "13702661"]
[EventDate "2021.09.08"]
[EventType "team"]

1. e4 e5 2. Nf3 Nc6 3. Bb5 Nf6 4. O-O Nxe4 5. d4 Nd6 6. Bxc6 dxc6 7. dxe5 Nf5 8.
Qxd8+ Kxd8 9. h3 h6 10. Nc3 Bd7 11. b3 Kc8 12. Bb2 b6 13. Rad1 c5 14. g4 Ne7 15.
Kg2 a5 16. a4 Be6 17. Kg3 Kb7 18. Ne4 Nc6 19. c4 Re8 20. Nh4 g5 21. Nf5 Kc8 22.
h4 gxh4+ 23. Nxh4 Nd4 24. Bxd4 cxd4 25. Rxd4 Bg7 26. f4 Kb8 27. Nf5 Bf8 28. Nf6
Rc8 29. Nd7+ Kb7 30. Nxf8 Rcxf8 31. Nh4 Rhg8 32. f5 Bc8 33. Kf4 Rg7 34. Rg1 Rfg8
35. Nf3 Kb8 36. Rg3 Bb7 37. Nh4 Rg5 38. Rd7 h5 39. Ng6 fxg6 40. Kxg5 gxf5+ 41.
Kxh5 f4 42. Rgd3 1-0

[Event "Online Olym Top DivA 2021"]
[Site "chess.com INT"]
[Date "2021.09.10"]
[Round "7.1"]
[Board "2"]
[White "Khusnutdinov, Rustam"]
[Black "Ly, Moulthun"]
[Result "0-1"]
[WhiteTitle "GM"]
[BlackTitle "GM"]
[WhiteElo "2484"]
[BlackElo "2484"]
[WhiteTeam "Kazakhstan"]
[BlackTeam "Australia"]
[WhiteFideId "13701703"]
[BlackFideId "3204405"]
[EventDate "2021.09.08"]
[EventType "team"]

1. d4 Nf6 2. c4 e6 3. Nc3 Bb4 4. g3 O-O 5. Bg2 d5 6. Nf3 dxc4 7. O-O Nc6 8. Qa4
Nd5 9. Qc2 Be7 10. Rd1 Rb8 11. e4 Ncb4 12. Qe2 Nxc3 13. bxc3 Nd3 14. Be3 b5 15.
Rab1 a6 16. a4 Bd7 17. Nd2 c5 18. e5 cxd4 19. Bxd4 Qc7 20. axb5 axb5 21. Ne4 Bc6
22. Qh5 Kh8 23. h4 Qb7 24. Qg4 Bd5 25. h5 h6 26. Rd2 Qc6 27. Re2 Bc5 28. Bxc5
Nxc5 29. Rbe1 Nd3 30. Rd1 Nxe5 31. Qh4 Nd3 32. f4 f5 33. Nd2 Bxg2 34. Rxg2 b4
35. cxb4 c3 36. Nb3 Nxb4 37. Qe7 Nd5 38. Qa3 Ne3 0-1

[Event "Online Olym Top DivA 2021"]
[Site "chess.com INT"]
[Date "2021.09.10"]
[Round "7.1"]
[Board "3"]
[White "Zhang, Jilin"]
[Black "Saduakassova, Dinara"]
[Result "1/2-1/2"]
[WhiteTitle "WGM"]
[BlackTitle "IM"]
[WhiteElo "2245"]
[BlackElo "2489"]
[WhiteTeam "Australia"]
[BlackTeam "Kazakhstan"]
[WhiteFideId "8602867"]
[BlackFideId "13700090"]
[EventDate "2021.09.08"]
[EventType "team"]

1. e4 e5 2. Nf3 Nc6 3. d4 exd4 4. Nxd4 Qf6 5. Nxc6 Bc5 6. Qf3 dxc6 7. Nc3 Qxf3
8. gxf3 Ne7 9. Be3 Bd6 10. f4 Ng6 11. f5 Ne5 12. Be2 f6 13. O-O-O g6 14. f4 Nf7
15. fxg6 hxg6 16. h4 Rf8 17. Rdg1 Nh8 18. f5 gxf5 19. Bh6 Nf7 20. Bxf8 Kxf8 21.
exf5 Bxf5 22. Rf1 Nh6 23. Bd3 Bxd3 24. cxd3 Be5 25. Ne4 Ke7 26. Rhg1 Rh8 27.
Rg7+ Kf8 28. Rg5 Nf7 29. Rg6 Rxh4 30. Nxf6 Rf4 31. Rxf4 Bxf4+ 32. Kc2 Ne5 33.
Nh7+ Ke7 34. Rg7+ Nf7 35. Rg1 Be5 36. Re1 Kd6 37. Rf1 Ke7 38. Re1 Kd6 39. Nf8 c5
40. Ng6 Bd4 41. Ne7 Ne5 42. Nf5+ Kd5 43. Nxd4 cxd4 44. Rh1 a5 45. Rh7 Kd6 46.
Rh6+ Kd5 47. Rh7 Kd6 48. Rh6+ Kd5 49. Rh7 1/2-1/2

[Event "Online Olym Top DivA 2021"]
[Site "chess.com INT"]
[Date "2021.09.10"]
[Round "7.1"]
[Board "4"]
[White "Dauletova, Gulmira"]
[Black "Nguyen, Thu Giang"]
[Result "1-0"]
[WhiteTitle "WGM"]
[BlackTitle "WFM"]
[WhiteElo "2257"]
[BlackElo "2119"]
[WhiteTeam "Kazakhstan"]
[BlackTeam "Australia"]
[WhiteFideId "13702971"]
[BlackFideId "12400980"]
[EventDate "2021.09.08"]
[EventType "team"]

1. e4 Nf6 2. e5 Nd5 3. d4 d6 4. c4 Nb6 5. exd6 cxd6 6. Nc3 g6 7. Be3 Bg7 8. Rc1
O-O 9. b3 Nc6 10. d5 Ne5 11. h3 e6 12. dxe6 Bxe6 13. Nge2 d5 14. c5 Nbd7 15. Nf4
Qa5 16. Be2 Nxc5 17. O-O d4 18. b4 Qd8 19. Bxd4 Ncd3 20. Nxd3 Qxd4 21. Nxe5 Qxe5
22. Bf3 Rad8 23. Qa4 Qg5 24. Ne4 Qf4 25. Qxa7 Be5 26. Ng3 Bd4 27. Ne2 Qxc1 28.
Nxd4 Qf4 29. Nxe6 fxe6 30. Qxb7 Rb8 31. Qc6 Rxb4 32. Qxe6+ Kg7 33. Rd1 Rf7 34.
Rf1 Rb5 35. Bd5 Rc7 36. Qg8+ Kh6 37. Bb3 Rbc5 38. g3 Qf3 39. Bd1 Qf6 40. a4 Rc1
41. Qd5 Kg7 42. a5 R1c5 43. Qd2 Qf5 44. a6 Qxh3 45. Bf3 Rf5 46. Qd4+ Kh6 47. Bg4
Qxf1+ 48. Kxf1 Rff7 49. Be6 Rfe7 50. Qd5 Rc1+ 51. Kg2 Rcc7 52. Qd6 Kg7 53. Bg4
Rf7 54. Bf3 Rc2 55. Qd4+ Kh6 56. a7 Rxa7 57. Qxa7 Rc3 58. Qd4 Ra3 59. Qf6 Rb3
60. Bd5 Rd3 61. Qf4+ Kg7 62. Qf7+ Kh6 63. Qf8+ Kg5 64. Qf4+ Kh5 65. Qh4# 1-0

[Event "Online Olym Top DivA 2021"]
[Site "chess.com INT"]
[Date "2021.09.10"]
[Round "7.1"]
[Board "5"]
[White "Asaka, Samuel"]
[Black "Zhalmakhanov, Ramazan"]
[Result "0-1"]
[BlackTitle "IM"]
[WhiteElo "2254"]
[BlackElo "2414"]
[WhiteTeam "Australia"]
[BlackTeam "Kazakhstan"]
[WhiteFideId "3228690"]
[BlackFideId "13706357"]
[EventDate "2021.09.08"]
[EventType "team"]

1. d4 d5 2. c4 e6 3. Nf3 Nf6 4. g3 dxc4 5. Bg2 a6 6. O-O Nc6 7. e3 Rb8 8. Nfd2
e5 9. Bxc6+ bxc6 10. dxe5 Ng4 11. Nxc4 Be6 12. Nbd2 Bb4 13. b3 h5 14. h3 Bc3 15.
Ba3 Nxe5 16. Rc1 Bxc4 17. Nxc4 Nxc4 18. bxc4 Qxd1 19. Rfxd1 Bb4 20. Rb1 a5 21.
Rd3 Ke7 22. Rdb3 c5 23. Kf1 Rhd8 24. Bc1 Rd1+ 25. Ke2 Rbd8 26. e4 Re1+ 27. Kf3
Rdd1 28. Bg5+ f6 29. Rxd1 Rxd1 30. Bf4 a4 31. Rb2 Rd3+ 32. Ke2 Rd4 33. Rc2 Rxe4+
34. Kf3 Rd4 35. Bxc7 g5 36. Ke2 Kd7 37. Bb8 Kc8 38. Ba7 Kb7 39. a3 Kxa7 40. axb4
cxb4 41. Ke3 b3 42. Rc1 Rd6 43. c5 Ra6 44. Kd4 b2 45. Rb1 a3 0-1

[Event "Online Olym Top DivA 2021"]
[Site "chess.com INT"]
[Date "2021.09.10"]
[Round "7.1"]
[Board "6"]
[White "Kamalidenova, Meruert"]
[Black "Middleton, Jody"]
[Result "1-0"]
[WhiteTitle "WIM"]
[WhiteElo "2339"]
[BlackElo "1850"]
[WhiteTeam "Kazakhstan"]
[BlackTeam "Australia"]
[WhiteFideId "13712802"]
[BlackFideId "3215660"]
[EventDate "2021.09.08"]
[EventType "team"]

1. e4 e6 2. d4 d5 3. Nc3 Bb4 4. e5 c5 5. a3 Bxc3+ 6. bxc3 Qa5 7. Bd2 Qa4 8. Qb1
c4 9. Ne2 Nc6 10. Nf4 f6 11. exf6 Nxf6 12. g3 Ne4 13. Qc1 O-O 14. Bg2 Nxd2 15.
Qxd2 Bd7 16. O-O Ne7 17. Rfe1 Rf6 18. Re2 Nf5 19. Bh3 Qc6 20. Rae1 Re8 21. Re5
Nd6 22. f3 Nf7 23. R5e2 Ng5 24. Bg2 Qd6 25. h4 Nf7 26. Bh3 Nd8 27. Kg2 Kf7 28.
Bg4 g6 29. Nh3 Kg7 30. h5 h6 31. hxg6 Rxg6 32. Nf4 Rg5 33. Nh5+ Kf7 34. Re5 Nc6
35. Rxg5 hxg5 36. Qxg5 Rg8 37. Qf6+ Ke8 38. Ng7+ 1-0

[Event "Online Olym Top DivA 2021"]
[Site "chess.com INT"]
[Date "2021.09.10"]
[Round "7.2"]
[Board "1"]
[White "Batchuluun, Tsegmed"]
[Black "Hovhannisyan, Robert"]
[Result "1/2-1/2"]
[WhiteTitle "GM"]
[BlackTitle "GM"]
[WhiteElo "2536"]
[BlackElo "2626"]
[WhiteTeam "Mongolia"]
[BlackTeam "Armenia"]
[WhiteFideId "4900847"]
[BlackFideId "13302507"]
[EventDate "2021.09.08"]
[EventType "team"]

1. d4 d5 2. c4 c6 3. cxd5 cxd5 4. Bf4 Nc6 5. e3 Nf6 6. Nc3 Bf5 7. Qb3 Na5 8.
Qa4+ Bd7 9. Qc2 e6 10. Nf3 Nc6 11. h3 Rc8 12. a3 Ne4 13. Bd3 Nxc3 14. bxc3 g6
15. O-O Bg7 16. Bd6 Bf8 17. Bxf8 Kxf8 18. c4 dxc4 19. Qxc4 Kg7 20. Qb3 Na5 21.
Qb2 Qb6 22. Qxb6 axb6 23. Ne5 Ba4 24. Rac1 f6 25. Nc4 Bb5 26. Nb2 Bxd3 27. Nxd3
Nb3 28. Rxc8 Rxc8 29. Rb1 Rc3 30. Nf4 Nd2 31. Nxe6+ Kf7 32. Rd1 Nc4 33. d5 Ke7
34. a4 Ra3 35. Rd4 Rxa4 36. d6+ Kxe6 37. d7 Ra1+ 38. Kh2 Ra8 39. d8=Q Rxd8 40.
Rxd8 Nd6 41. Kg1 b5 42. Kf1 b4 43. Ke2 b3 44. Kd3 b5 45. Kc3 Ne4+ 46. Kxb3 Nxf2
47. Kb4 Ne4 48. Kxb5 Ng3 49. Kc5 h5 50. Re8+ Kf7 51. Ra8 g5 52. Kd5 h4 53. Ra6
Nf5 54. Ke4 Ng3+ 55. Kf3 Nf1 56. e4 Nd2+ 57. Ke3 Nc4+ 58. Ke2 Ne5 59. Kf2 Nd3+
60. Ke3 Ne5 61. Ra1 Nc6 62. Rf1 Ke6 63. Rd1 Ne5 64. Rc1 Kd6 65. Ra1 Ke6 66. Ra6+
Kf7 67. Kd4 Ng6 68. Ra7+ Ke6 69. Ra6+ Kf7 70. Ra2 Ke6 71. Rf2 Ne5 72. Rf1 Ng6
73. Rf5 Nf4 74. Ra5 Nxg2 75. Ra6+ Kf7 76. e5 fxe5+ 77. Kxe5 Nf4 78. Kf5 Nxh3 79.
Ra7+ Ke8 80. Kg4 Nf4 81. Kxg5 Ne6+ 82. Kf6 Nd8 83. Re7+ Kf8 84. Rh7 Ke8 85. Rxh4
Kd7 86. Rd4+ Kc7 87. Rd1 Nc6 88. Ke6 Kb6 89. Kd6 Nb4 90. Rh1 Kb5 91. Rh5+ Kc4
92. Rh4+ Kc3 93. Kc5 Nd3+ 94. Kd5 Nb4+ 95. Ke4 Kc4 96. Rh8 Nc6 97. Rh5 Nb4 98.
Rh6 Kc5 99. Rh8 Nc6 100. Rc8 Kd6 101. Rh8 Kc5 102. Rh5+ Kd6 103. Rg5 Ne7 104.
Ra5 Nc6 105. Rh5 Ne7 106. Rh6+ Kc5 107. Re6 Nc6 108. Re8 Kd6 109. Ra8 Kc5 110.
Ra1 Kd6 111. Rd1+ Kc5 112. Rd5+ Kc4 113. Rh5 Nb4 114. Rh8 Nc6 115. Rc8 Kc5 116.
Rxc6+ Kxc6 1/2-1/2

[Event "Online Olym Top DivA 2021"]
[Site "chess.com INT"]
[Date "2021.09.10"]
[Round "7.2"]
[Board "2"]
[White "Gabuzyan, Hovhannes"]
[Black "Nasanjargal, Urtnasan"]
[Result "1-0"]
[WhiteTitle "GM"]
[BlackTitle "GM"]
[WhiteElo "2583"]
[BlackElo "2460"]
[WhiteTeam "Armenia"]
[BlackTeam "Mongolia"]
[WhiteFideId "13303732"]
[BlackFideId "4900774"]
[EventDate "2021.09.08"]
[EventType "team"]

1. Nf3 Nf6 2. g3 g6 3. Bg2 d5 4. O-O Bg7 5. c4 d4 6. d3 O-O 7. b4 Re8 8. Bg5 h6
9. Bxf6 exf6 10. Nbd2 a5 11. b5 c5 12. bxc6 Nxc6 13. Rb1 f5 14. Re1 Bf8 15. Qc1
Bb4 16. a3 Bf8 17. c5 a4 18. Nc4 Kg7 19. Rb5 Ra7 20. Qb2 Be6 21. Rc1 Kh7 22. h4
Bd5 23. Nb6 Bb3 24. Kf1 Bg7 25. Nd2 Na5 26. Nxb3 Nxb3 27. Rc4 f4 28. Rxa4 Rxa4
29. Nxa4 Na5 30. Qd2 Nc6 31. Qxf4 Qa8 32. Nb2 Qxa3 33. Bf3 Re7 34. Nc4 Qa6 35.
Rb6 Qa4 36. Kg2 h5 37. Qd6 Bf8 38. Bxc6 bxc6 39. Qd8 Qd1 40. Qxf8 1-0

[Event "Online Olym Top DivA 2021"]
[Site "chess.com INT"]
[Date "2021.09.10"]
[Round "7.2"]
[Board "3"]
[White "Munguntuul, Batkhuyag"]
[Black "Gaboyan, Susanna"]
[Result "0-1"]
[WhiteTitle "IM"]
[BlackTitle "WIM"]
[WhiteElo "2433"]
[BlackElo "2253"]
[WhiteTeam "Mongolia"]
[BlackTeam "Armenia"]
[WhiteFideId "4900758"]
[BlackFideId "13303627"]
[EventDate "2021.09.08"]
[EventType "team"]

1. e4 c5 2. Nf3 Nc6 3. d4 cxd4 4. Nxd4 Nf6 5. Nc3 e5 6. Ndb5 d6 7. Bg5 a6 8. Na3
b5 9. Nd5 Be7 10. Bxf6 Bxf6 11. c4 b4 12. Nc2 a5 13. g3 O-O 14. Bg2 Be6 15. O-O
a4 16. Qd3 Rb8 17. b3 axb3 18. axb3 Bxd5 19. Qxd5 Nd4 20. Nxd4 exd4 21. Ra4 Qb6
22. Rfa1 Qc5 23. Bh3 g6 24. Bd7 Qxd5 25. cxd5 Rb7 26. Bc6 Re7 27. f3 Rb8 28. Kf2
Bg5 29. h4 Bd2 30. g4 Bc3 31. Rd1 h6 32. Ke2 Kg7 33. Kd3 g5 34. hxg5 hxg5 35.
Rh1 Rc7 36. Ra2 Rh8 37. Rxh8 Kxh8 38. Ra8+ Kg7 39. e5 dxe5 40. Ba4 Be1 41. d6
Rc3+ 42. Ke2 Re3+ 43. Kd1 Bc3 44. Bb5 d3 45. Bxd3 Rxd3+ 46. Ke2 Rxd6 47. Ke3 Rd2
48. Ke4 Rb2 49. Kf5 Rxb3 50. Kxg5 Bd2+ 51. Kf5 Rxf3+ 52. Kxe5 b3 53. Ke4 Re3+
54. Kd4 b2 55. Rb8 Bc1 56. Rb3 Rxb3 0-1